Most Central U.S. State Capitals - Statistics

General Stats
  • This quiz has been taken 969 times
  • The average score is 13 of 19
Answer Stats
Capital % Correct
Denver
87%
Topeka
85%
Oklahoma City
83%
Nashville
82%
Lincoln
80%
Springfield
80%
Columbus
79%
Indianapolis
79%
Des Moines
78%
Frankfort
77%
Jefferson City
76%
Cheyenne
70%
Lansing
61%
Charleston
59%
Harrisburg
55%
Madison
55%
Santa Fe
50%
Raleigh
46%
Richmond
44%
No matching quizzes found
Score Distribution
Percent of People with Each Score
Percentile by Number Answered
Your Score History
You have not taken this quiz